Principles of mathematical analysis
I tiakina i:
| Kaituhi matua: | |
|---|---|
| Hōputu: | Pukapuka |
| Reo: | Ingarihi |
| I whakaputaina: |
Nueva York
MacGraw-Hill
1976
|
| Putanga: | 3a. ed |
| Rangatū: | International series in pure and applied mathematics
|
| Ngā marau: | |
| Ngā Tūtohu: |
Tāpirihia he Tūtohu
Kāore He Tūtohu, Me noho koe te mea tuatahi ki te tūtohu i tēnei pūkete!
|
MARC
| LEADER | 00000nam a2200000 a 4500 | ||
|---|---|---|---|
| 001 | UCW1477 | ||
| 003 | CL-VaPUC | ||
| 008 | 920707e19760000US |||||||||||||||||eng|d | ||
| 082 | 0 | 4 | |a 515 |b RUD |2 21 |
| 100 | 0 | |a Rudin, Walter |e author |9 305465 | |
| 245 | 1 | 0 | |a Principles of mathematical analysis |
| 250 | |a 3a. ed | ||
| 300 | |a 342 p | ||
| 942 | |c BK | ||
| 945 | |d 19920707 00:00:00 | ||
| 260 | |a Nueva York |b MacGraw-Hill |c 1976 | ||
| 650 | 0 | |a Análisis matemático |9 260146 | |
| 583 | |a last modification |c 19920707 00:00:00 |k Rodrigo Vera | ||
| 490 | 0 | |a International series in pure and applied mathematics | |
| 999 | |c 216364 |d 216362 | ||
| 952 | |0 0 |1 0 |4 0 |6 515_000000000000000_RUD_1976 |7 0 |8 A |9 202032 |a BIBMAT |b BIBMAT |d 2019-11-14 |i 2691868 |l 8 |m 6 |o 515 RUD 1976 |p 2691868 |r 2025-01-07 |s 2024-08-01 |w 2019-11-14 |y BK |k MAT | ||